| 000 | 00737nam a22002057a 4500 | ||
|---|---|---|---|
| 005 | 20100427150843.0 | ||
| 008 | 100427t xxu||||| |||| 00| 0 eng d | ||
| 020 |
_a8120326873 _c195.00 |
||
| 020 |
_a9788120326873 _c195.00 |
||
| 035 | _aB-181990 | ||
| 037 | _bReference | ||
| 040 | _aDPL | ||
| 082 | _a005.754 | ||
| 245 |
_aNetwork planning and management: _bprinciples and practice/ |
||
| 260 |
_aNew Delhi _bPrentice Hall of India _c2005 |
||
| 270 |
_aM-97, Cannaught Circus,New Delhi. _bNew Delhi _e110001 |
||
| 300 |
_axi,206p.; _c24cm.(Pbk) |
||
| 942 |
_2ddc _cEN _h005.754 _mNET |
||
| 999 |
_c35451 _d35451 |
||